Cannibal Corpse Songs - Sudden Death - Statistics

General Stats
  • This quiz has been taken 57 times
  • The average score is 5 of 22
Answers on the Grid
Answers color-coded by a green-red scale on the quiz's grid according to % correct below.
Systematic Elimination
Drowning In Viscera
Murder Worship
Slashing Attack
Curse The Unborn
Hammer Smashed Face
Juggernaut Genocide
Rotting Head
Sickening Metamorphosis
Frantic
Visceral Dismemberment
Humanicide
Chambers Of Blood
Psychotic Precision
Through My Anatomy
Beheading And Burning
Chalice Of Hatred
Kill Or Transform
The Urge To Kill Is Now
Absolute Hatred
Gallery Of The Obscene
Blood Drenched Execution
Psychopathy Red
Hideous Ichor
Follow The Blood
In The Midst Of Ruin
Fracture And Refracture
Death From Above
High Velocity Impact Spatter
Anorexia Nervosa
Pity Of Zombies
Deforestation Insane
In Cold Blood
Massacre
Headless
Evisceration Plague
Scourge Of Iron
Living Dissection
Mayhem Mutilation
Dormant Bodies Breeding
Buried In The Forest
Disposable Body
She Was Asking For It
Martyrs Of Eternity
 
Answer Stats
Answer % Correct
Hammer Smashed Face
55%
Scourge Of Iron
55%
Evisceration Plague
45%
She Was Asking For It
45%
High Velocity Impact Spatter
28%
Living Dissection
28%
Fracture And Refracture
24%
Absolute Hatred
21%
Blood Drenched Execution
21%
Follow The Blood
21%
Murder Worship
21%
Rotting Head
21%
Drowning In Viscera
17%
Hideous Ichor
17%
Beheading And Burning
14%
In The Midst Of Ruin
14%
Sickening Metamorphosis
14%
Chambers Of Blood
10%
Gallery Of The Obscene
10%
Headless
7%
Systematic Elimination
7%
Psychotic Precision
3%
No matching quizzes found
Score Distribution
Percent of People with Each Score
Percentile by Number Answered
Your Score History
You have not taken this quiz